Seeing Triple Again Quiz Stats

Quiz Updated Sep 25, 2014

Also try: Seeing Triple
Challenge
Share
Tweet
Score 0/15 Timer 05:00
4 Plays Today
% Correct
Rock, Paper, Scissors
98.3%
The Lion, the Witch and the Wardrobe
86.9%
Peter, Paul and Mary
71.8%
Planes, Trains and Automobiles
69.9%
Blood, Sweat and Tears
69.7%
Earth, Wind and Fire
64.9%
Knife, Fork, and Spoon
64.4%
Lights, Camera, Action
58.8%
% Correct
The Father, the Son and the Holy Ghost
44.6%
Shake, Rattle and Roll
41.6%
Alcohol, Tobacco and Firearms
36.8%
The Good, the Bad and the Ugly
36.5%
Huey, Dewey and Louie
30.1%
Red, White and Blue
22.3%
Bump, Set and Spike
11.7%

You're not logged in!

Compare scores with friends on all Sporcle quizzes.
Join for Free
OR
Log In

You Might Also Like...

Show Comments

Extras

Top Quizzes Today


Score Distribution

Your Account Isn't Verified!

In order to create a playlist on Sporcle, you need to verify the email address you used during registration. Go to your Sporcle Settings to finish the process.

Report this User

Report this user for behavior that violates our Community Guidelines.

Details: